| 000 | 01463cam a22003374a 4500 | ||
|---|---|---|---|
| 001 | 12346897 | ||
| 003 | OSt | ||
| 005 | 20170105101202.0 | ||
| 008 | 010314s2002 at b 001 0 eng | ||
| 010 | _a 2001026059 | ||
| 020 | _a0534561160 | ||
| 040 |
_aDLC _cDLC _dDLC |
||
| 042 | _apcc | ||
| 050 | 0 | 0 |
_aP90 _b.V43 2002 |
| 082 | 0 | 0 |
_a302.2 _221 |
| 100 | 1 | _aVerderber, Rudolph F. | |
| 245 | 1 | 0 |
_aCommunicate! / _cRudolph F. Verderber, Kathleen S. Verderber. |
| 250 | _a10th ed. | ||
| 260 |
_aAustralia ; _aBelmont, Calif. : _bWadsworth/Thomson Learning, _cc2002. |
||
| 300 |
_axxiv, 504 p. : _bill. ; _c26 cm. + _e1 computer optical disc (4 3/4 in.) |
||
| 504 | _aIncludes bibliographical references (p. 488-495) and index. | ||
| 538 | _aSystem requirements for accompanying computer disk: Windows 95 or Mac OS 7.5.5 | ||
| 650 | 0 | _aCommunication. | |
| 700 | 1 |
_aVerderber, Kathleen S., _d1949- |
|
| 856 | 4 | 2 |
_3Contributor biographical information _uhttp://www.loc.gov/catdir/enhancements/fy1515/2001026059-b.html |
| 856 | 4 | 2 |
_3Publisher description _uhttp://www.loc.gov/catdir/enhancements/fy1515/2001026059-d.html |
| 856 | 4 | 1 |
_3Table of contents only _uhttp://www.loc.gov/catdir/enhancements/fy1515/2001026059-t.html |
| 906 |
_a7 _bcbc _corignew _d1 _eocip _f20 _gy-gencatlg |
||
| 942 |
_2ddc _cBK |
||
| 999 |
_c2797 _d2797 |
||